Loading...
Science - Physics | 0 | 7 | 0 | 1 | 70 | 65 | 84.71 | 2 | 3 |
History - Other History | 0 | 5 | 0 | 1 | 50 | 67 | 87.60 | 0 | 1 |
Science - Chemistry | 0 | 5 | 0 | 3 | 50 | 88 | 111.00 | 0 | 1 |
Science - Other Science | 0 | 5 | 1 | 0 | 45 | 36 | 94.60 | 1 | 1 |
Fine Arts - Classical Music | 0 | 4 | 0 | 0 | 40 | 51 | 83.75 | 1 | 4 |
Social Science | 0 | 4 | 0 | 0 | 40 | 67 | 94.25 | 0 | 2 |
History - American History | 0 | 3 | 0 | 0 | 30 | 62 | 75.67 | 0 | 3 |
History - European History | 0 | 3 | 0 | 0 | 30 | 82 | 91.00 | 1 | 3 |
Literature - American Literature | 0 | 2 | 0 | 0 | 20 | 63 | 73.50 | 0 | 2 |
Other Academic | 0 | 2 | 0 | 2 | 20 | 117 | 123.00 | 0 | 0 |
Religion | 0 | 2 | 0 | 0 | 20 | 81 | 86.00 | 0 | 1 |
Fine Arts - Visual Fine Arts | 0 | 2 | 0 | 0 | 20 | 74 | 105.50 | 1 | 1 |
Fine Arts - Other Fine Arts | 0 | 2 | 0 | 0 | 20 | 75 | 98.50 | 1 | 1 |
Pop Culture | 0 | 2 | 1 | 0 | 15 | 80 | 81.50 | 0 | 1 |
History - World History | 0 | 1 | 0 | 0 | 10 | 94 | 94.00 | 0 | 0 |
Mythology | 0 | 1 | 0 | 0 | 10 | 96 | 96.00 | 0 | 0 |
Philosophy | 0 | 1 | 0 | 1 | 10 | 106 | 106.00 | 0 | 1 |
Geography/Current Events | 0 | 1 | 1 | 0 | 5 | 79 | 79.00 | 0 | 1 |